El enfoque de sistemas / (Registro nro. 5730)
[ vista simple ]
| 000 -LEADER | |
|---|---|
| fixed length control field | 00902nam a2200253Ia 4500 |
| 003 - CONTROL NUMBER IDENTIFIER | |
| control field | OSt |
| 005 - DATE AND TIME OF LATEST TRANSACTION | |
| control field | 20200325105826.0 |
| 008 - FIXED-LENGTH DATA ELEMENTS--GENERAL INFORMATION | |
| fixed length control field | 191128s1973 mx gr 000 0 spa d |
| 020 ## - INTERNATIONAL STANDARD BOOK NUMBER | |
| International Standard Book Number | 968130814X |
| 040 ## - CATALOGING SOURCE | |
| Original cataloging agency | CO-JMCR |
| Transcribing agency | CO-JMCR |
| 082 04 - DEWEY DECIMAL CLASSIFICATION NUMBER | |
| Classification number | 003 / |
| Item number | W516e |
| 100 1# - MAIN ENTRY--PERSONAL NAME | |
| Personal name | West, Churchman, C., |
| Relator term | autor |
| 9 (RLIN) | 1803 |
| 245 10 - TITLE STATEMENT | |
| Title | El enfoque de sistemas / |
| Statement of responsibility, etc. | C. West Churchman ; traductor, Alberto García Mendoza |
| 250 ## - EDITION STATEMENT | |
| Edition statement | Primera edición |
| 260 ## - PUBLICATION, DISTRIBUTION, ETC. | |
| Place of publication, distribution, etc. | México : |
| Name of publisher, distributor, etc. | Diana, |
| Date of publication, distribution, etc. | 1973 |
| 300 ## - PHYSICAL DESCRIPTION | |
| Extent | 270 páginas ; |
| Dimensions | 20 cm |
| 505 ## - FORMATTED CONTENTS NOTE | |
| Formatted contents note | ¿Qué es un sistema? -- Aplicaciones de la ciencia de sistemas -- El enfoqe de sistemas en el futuro -- El enfoque de sitemas y el ser humano |
| 546 ## - LANGUAGE NOTE | |
| Language note | spa |
| 650 14 - SUBJECT ADDED ENTRY--TOPICAL TERM | |
| Topical term or geographic name entry element | Análisis de sistemas |
| 9 (RLIN) | 1155 |
| 650 24 - SUBJECT ADDED ENTRY--TOPICAL TERM | |
| Topical term or geographic name entry element | Ciencia de sistemas |
| 9 (RLIN) | 1804 |
| 650 24 - SUBJECT ADDED ENTRY--TOPICAL TERM | |
| Topical term or geographic name entry element | Sistemas y el ser humano |
| 9 (RLIN) | 1805 |
| 700 1# - ADDED ENTRY--PERSONAL NAME | |
| Personal name | García Mendoza, Alberto, |
| Relator term | traductor |
| 9 (RLIN) | 1806 |
| 942 ## - ADDED ENTRY ELEMENTS (KOHA) | |
| Source of classification or shelving scheme | Dewey Decimal Classification |
| Koha item type | Books |
| Withdrawn status | Lost status | Source of classification or shelving scheme | Materials specified (bound volume or other part) | Damaged status | Not for loan | Home library | Current library | Date acquired | Source of acquisition | Cost, normal purchase price | Total Checkouts | Full call number | Barcode | Date last seen | Copy number | Price effective from | Koha item type |
|---|---|---|---|---|---|---|---|---|---|---|---|---|---|---|---|---|---|
| Dewey Decimal Classification | Donación--15/04/2018-- | Biblioteca Pública José María del Castillo y Rada | Biblioteca Pública José María del Castillo y Rada | 11/28/2019 | Donación | 0.00 | 003 / W516e | 430004068 | 05/16/2024 | Ej.1 | 11/28/2019 | Books |